000 00444nmm a2200169Ia 4500
008 251105s9999||||xx |||||||||||||||||und||
020 _a9788491127963
041 _aspa
100 _aRagazzoni, Ruth
245 0 _aEnigmas de espuma
264 _a[Madrid, España] :
_bLantia,
_c2017
300 _a142 páginas
490 _aCaligrama
650 _aSpanish poetry
856 _uhttps://public.digitaliapublishing.com/a/88261
942 _cCF
999 _c88260
_d88260